| 000 | 01363nam a2200313 a 4500 | ||
|---|---|---|---|
| 001 | ebr10749605 | ||
| 003 | CaPaEBR | ||
| 006 | m o u | ||
| 007 | cr cn||||||||| | ||
| 008 | 150303s2013 be ao sb 000 0 eng d | ||
| 020 | _z9789058679376 | ||
| 020 | _z9789461660817 (e-book) | ||
| 040 |
_aCaPaEBR _cCaPaEBR |
||
| 035 | _a(OCoLC)859162422 | ||
| 050 | 1 | 4 |
_aG70.212 _b.D47 2013eb |
| 082 | 0 | 4 |
_a025.04 _223 |
| 100 | 1 | _aDessers, Ezra. | |
| 245 | 1 | 0 |
_aSpatial data infrastructures at work _h[electronic resource] : _banalysing the spatial enablement of public sector processes / _cEzra Dessers. |
| 260 |
_aLouvain, Belgium : _bLeuven University Press, _cc2013. |
||
| 300 |
_a1 online resource (254 p.) : _bill., photographs. |
||
| 504 | _aIncludes bibliographical references. | ||
| 533 |
_aElectronic reproduction. _bPalo Alto, Calif. : _cebrary, _d2015. _nAvailable via World Wide Web. _nAccess may be limited to ebrary affiliated libraries. |
||
| 588 | _aDescription based on online resource; title from title page (ebrary, viewed September 5, 2013). | ||
| 650 | 0 | _aSpatial data infrastructures. | |
| 650 | 0 | _aGeographic information systems. | |
| 655 | 7 |
_aElectronic books. _2local |
|
| 710 | 2 | _aebrary, Inc. | |
| 856 | 4 | 0 |
_uhttp://site.ebrary.com/lib/rucke/Doc?id=10749605 _zAn electronic book accessible through the World Wide Web; click to view |
| 999 |
_c220315 _d220315 |
||